000
00319pam a2200145 a 4500
020
_c
041
_a
eng
082
_b
BHA
100
_a
Bhatnagar Pushkar .
245
_a
Dating The Era Of Lord Ram
_h
Textual Documents
250
_a
2004.
260
_a
New Delhi :
_b
Rupa Co .
300
_a
102 pg .
930
_a
10405
999
_c
87309
_d
87309